书目信息 |
| 题名: |
静物画
|
|
| 作者: | 庆晓 编著 | |
| 分册: | ||
| 出版信息: | 天津 天津人民美术出版社 1998.12 |
|
| 页数: | 44页 | |
| 开本: | 16开 | |
| 丛书名: | ||
| 单 册: | ||
| 中图分类: | J211.27 | |
| 科图分类: | ||
| 主题词: | 绘画--技法(美术) | |
| 电子资源: | ||
| ISBN: | 7-5305-0971-3 | |
| 000 | 00537nam0 2200193 45 | |
| 001 | 0008211785 | |
| 005 | 20000821174015.2 | |
| 010 | @a7-5305-0971-3@d25.00元 | |
| 100 | @a20000821d1998 km y0chiy0120 ea | |
| 101 | 0 | @achi |
| 105 | @a z 000yy | |
| 200 | 1 | @a静物画@AJing Wu Hua@f庆晓 编著@FQing Xiao Bian Zhu |
| 210 | @a天津@c天津人民美术出版社@d1998.12 | |
| 215 | @a44页@d16开 | |
| 606 | 0 | @a绘画@x技法(美术) |
| 690 | @aJ211.27@v3 | |
| 701 | 0 | @a庆晓@4编著 |
| 801 | @aCN@bPftUser@c20000821 | |
| 905 | @b113788-790@dJ211.27@eQ.412@f3 | |
| 静物画/庆晓 编著.-天津:天津人民美术出版社,1998.12 |
| 44页;16开 |
| ISBN 7-5305-0971-3:25.00元 |
| ● |
| 相关链接 |
|
|
|
正题名:静物画
索取号:J211.27/Q.412
 
预约/预借
| 序号 | 登录号 | 条形码 | 馆藏地/架位号 | 状态 | 备注 |
| 1 | 113788 | 201137885 | 社科库309/309社科库 68排2列1层/ [索取号:J211.27/Q.412] | 在馆 | |
| 2 | 113789 | 201137894 | 社科库309/309社科库 68排2列1层/ [索取号:J211.27/Q.412] | 在馆 | |
| 3 | 113790 | 201137901 | 社科库309/ [索取号:J211.27/Q.412] | 在馆 |